[Event "GER-chT U14"]
[Site "Magdeburg"]
[Date "2019.12.29"]
[Round "6.5"]
[White "Schroeter, Christopher"]
[Black "Hommer, Jeremy"]
[Result "0-1"]
[WhiteElo "1618"]
[BlackElo "2104"]
[PlyCount "110"]
[EventDate "2019.12.27"]
[EventType "team-swiss"]
[EventRounds "7"]
[EventCountry "GER"]
[SourceTitle "CBM 194 Extra"]
[Source "ChessBase"]
[SourceDate "2020.03.31"]
[SourceVersion "1"]
[SourceVersionDate "2020.03.31"]
[SourceQuality "1"]
[WhiteTeam "Anhalt"]
[BlackTeam "Lueneburg Turm"]
[WhiteTeamCountry "GER"]
[BlackTeamCountry "GER"]

1. d4 e6 2. g3 Nf6 3. Bg2 Be7 4. Nf3 b6 5. Ne5 c6 6. c4 Bb7 7. Nc3 d6 8. Nf3 c5 9. d5 e5 10. e4 a6 11. Qc2 0-0 12. 0-0 Nbd7 13. Nh4 g6 14. f4 exf4 15. Bxf4 Ne5 16. Bxe5 dxe5 17. Nf3 Qd6 18. Rae1 Bc8 19. b3 Ne8 20. Qb2 Bf6 21. Ne2 Bg7 22. Nc1 Qe7 23. Nd3 f6 24. a4 Bd7 25. Qc3 a5 26. Qd2 Nd6 27. h3 Rae8 28. Kh2 Qd8 29. Ng1 Re7 30. Ne2 Qe8 31. Nc3 f5 32. Qc1 Qf7 33. Kh1 Qf6 34. Ne2 h5 35. exf5 gxf5 36. Qd2 Bh6 37. Qb2 Bg7 38. Qd2 Rfe8 39. Kh2 Qg6 40. Qd1 Bf6 41. Rf2 Kh8 42. Rg1 Bg5 43. Rff1 Be3 44. Rh1 Rg7 45. Rf3 Qh6 46. Rff1 h4 47. Qe1 Qg5 48. Rf3 e4 49. Rxe3 Qxe3 50. Ndf4 hxg3+ 51. Nxg3 Qxf4 52. Rf1 Qg5 53. Rg1 Reg8 54. Ne2 Qh6 55. Qf2 Nf7 0-1

[Event "GER-chT U14"]
[Site "Magdeburg"]
[Date "2019.12.27"]
[Round "2.6"]
[White "Toval, David"]
[Black "Schroeter, Christopher"]
[Result "1-0"]
[WhiteElo "1853"]
[BlackElo "1618"]
[PlyCount "77"]
[EventDate "2019.12.27"]
[EventType "team-swiss"]
[EventRounds "7"]
[EventCountry "GER"]
[SourceTitle "CBM 194 Extra"]
[Source "ChessBase"]
[SourceDate "2020.03.31"]
[SourceVersion "1"]
[SourceVersionDate "2020.03.31"]
[SourceQuality "1"]
[WhiteTeam "Muenster 32"]
[BlackTeam "Anhalt"]
[WhiteTeamCountry "GER"]
[BlackTeamCountry "GER"]

1. e4 c5 2. Nf3 Nc6 3. d4 cxd4 4. Nxd4 Nf6 5. Nc3 g6 6. Be3 Bg7 7. f3 d6 8. Bc4 Bd7 9. Qd2 a6 10. g4 Rc8 11. Bb3 Ne5 12. 0-0-0 Nc4 13. Qe2 Nxe3 14. Qxe3 0-0 15. Rdg1 Qb6 16. Nf5 Qxe3+ 17. Nxe3 Bc6 18. h4 Rfd8 19. h5 e6 20. hxg6 hxg6 21. Rd1 b5 22. Kb1 Rd7 23. Ne2 Rcd8 24. Nd4 Bb7 25. Rhe1 d5 26. e5 Ne8 27. f4 g5 28. f5 exf5 29. Nexf5 Nc7 30. a4 Bf8 31. Rh1 Bg7 32. Nxg7 Kxg7 33. Rh5 Ne6 34. Nf5+ Kg8 35. Rdh1 f6 36. Rh8+ Kf7 37. R1h7+ Kg6 38. Rh6+ Kf7 39. Rxf6# 1-0

[Event "GER-chT U14"]
[Site "Magdeburg"]
[Date "2018.12.28"]
[Round "4.1"]
[White "Gallasch, Jonas"]
[Black "Schroeter, Christopher"]
[Result "1/2-1/2"]
[WhiteElo "2101"]
[BlackElo "1453"]
[PlyCount "99"]
[EventDate "2018.12.27"]
[EventType "team-swiss"]
[EventRounds "7"]
[EventCountry "GER"]
[SourceTitle "CBM 188 Extra"]
[Source "ChessBase"]
[SourceDate "2019.02.26"]
[SourceVersion "1"]
[SourceVersionDate "2019.02.26"]
[SourceQuality "1"]
[WhiteTeam "Porz SG"]
[BlackTeam "Anhalt"]
[WhiteTeamCountry "GER"]
[BlackTeamCountry "GER"]

1. d4 d5 2. c4 e6 3. Nc3 Nf6 4. Nf3 Nbd7 5. cxd5 exd5 6. Bf4 Bb4 7. e3 0-0 8. Bd3 b6 9. 0-0 Bxc3 10. bxc3 c5 11. c4 Bb7 12. Qe2 Re8 13. Rfd1 Qc8 14. Rac1 h6 15. Bf5 Ba6 16. Ne5 Qb7 17. Nxd7 Nxd7 18. Bxh6 Nf6 19. Bg5 Bxc4 20. Qf3 Qe7 21. Bb1 Rac8 22. h4 Red8 23. Bxf6 Qxf6 24. Qxf6 gxf6 25. Bf5 Rc7 26. dxc5 Rxc5 27. a3 b5 28. Rd4 Rc6 29. Rg4+ Kh8 30. Kh2 Ra6 31. Rc3 Rad6 32. e4 d4 33. Rcg3 Be6 34. Bxe6 Rxe6 35. Rd3 a5 36. Rf4 b4 37. axb4 axb4 38. Rf5 Rxe4 39. Rb5 Rxh4+ 40. Kg3 Re4 41. Rxb4 Kg7 42. f3 Re5 43. Rdxd4 Rxd4 44. Rxd4 Rg5+ 45. Rg4 Kg6 46. Kf4 Kh5 47. Rxg5+ fxg5+ 48. Kf5 Kh4 49. g4 Kg3 50. Kxg5 1/2-1/2